| 000 | 00550nam a2200241 a 4500 | ||
|---|---|---|---|
| 001 | nice12345678 | ||
| 003 | IN_TiNIC | ||
| 005 | 20260116012619.0 | ||
| 008 | 050524s1945 laha grp 000 0 urd | ||
| 020 |
_a _c100 |
||
| 082 | 0 | 0 |
_a297.5 _bYUS |
| 100 | _aYusuf, Mohd | ||
| 245 | _aNuskha-I-Keemia | ||
| 260 |
_aLahore _bTaj Co. _c1945 |
||
| 300 | _a260p | ||
| 500 | _aincludes index and biblioraphy | ||
| 505 | 2 | _aAppendix | |
| 650 | _aIslam-Moral Theology | ||
| 700 | 1 | _aYusuf, Mohd | |
| 902 | _bSRS | ||
| 942 | _cBK | ||
| 999 |
_c7680 _d7680 |
||